Countries with the largest number of Brazilian - Statistics

General Stats
  • This quiz has been taken 204 times
    133 since last reset
  • The average score is 25 of 30
Answer Stats
Population Country % Correct
2 1.410.000 United States
100%
7 86.691 Spain
99%
13 46.870 Argentina
98%
5 116.271 Portugal
98%
10 72;000 Italy
96%
4 170.229 Japan
96%
26 14.000 Mexico
96%
14 43.000 Canada
95%
8 85.272 Germany
95%
6 120.000 United Kingdom
95%
1 212.558.713 Brazil
94%
20 17.000 Colombia
94%
11 70.000 France
94%
21 16.160 China
93%
15 37.310 Australia
92%
27 12.196 Chile
92%
3 332.042 Paraguay
92%
28 11.518 Uruguay
90%
17 27.581 Bolivia
86%
16 28.533 Venezuela
86%
19 18.000 Ireland
79%
9 81.000 Switzerland
79%
18 21.948 Netherlands
77%
12 48.000 Belgium
75%
24 15.000 Angola
74%
25 15.000 Suriname
66%
23 15.500 Guyana
63%
29 12.000 Israel
50%
30 10.100 United Arab Emirates
40%
22 15.500 Lebanon
36%
No matching quizzes found
Score Distribution
Percent of People with Each Score
Percentile by Number Answered
Your Score History
You have not taken this quiz since the last reset